000 01107nam a2200229Ia 4500
001 L268-21643
003 IT-CnALBA
008 170116s9999||||xx |||||||||||||| ||und||
040 _aIT-CnALBA
_cIT-CnALBA
041 _aITALIANO
100 _aRABINO T., SACERDOTE ALBESE
245 0 _aLA MIA RELIGIONE. RIASSUNTO DI CORSO SUPERIORE DI RELIGIONE. PARTE IV: LA GRAZIA.
250 _a1a ed.
260 _a ALBA - ASTI - TO
_bLA TIPOGRAFICA
_c1927 [1° Ed.: n.d.]
300 _a26 p. (prefazione: 3)
500 _aLA GRAZIA. I SACRAMENTI: IL BATTESIMO. LA CONFERMAZIONE O CRESIMA. L'EUCARISTIA. LA PENITENZA. L'UNZIONE DEGLI INFERMI. L'ORDINE SACRO. IL MATRIMONIO. I SACRAMENTALI. L'ORAZIONE O PREGHIERA.
501 _aSocietà San Paolo EM - Piazza San Paolo, 14 - 12051 ALBA (CN) (non commercial uses only) ® Copyright 2017
520 _aLA GRAZIA. I SACRAMENTI: IL BATTESIMO. LA CONFERMAZIONE O CRESIMA. L'EUCARISTIA. LA PENITENZA. L'UNZIONE DEGLI INFERMI. L'ORDINE SACRO. IL MATRIMONIO. I SACRAMENTALI. L'ORAZIONE O PREGHIERA.
650 _aCATECHESI
942 _cBK
957 _71
999 _a26385
_bSI
_g Copie: 1
_c280747
_d280747